Normal view
MARC view
Entry Personal Name
001 - CONTROL NUMBER
- control field: 44188
003 - CONTROL NUMBER IDENTIFIER
- control field: ARRUPE
005 - DATE AND TIME OF LATEST TRANSACTION
- control field: 20190125104301.0
008 - FIXED-LENGTH DATA ELEMENTS
- fixed length control field: 190125|| aca||aabn | a|a d
040 ## - CATALOGING SOURCE
- Original cataloging agency: ARRUPE
- Transcribing agency: ARRUPE
100 ## - HEADING--PERSONAL NAME
- Personal name: Edey, Maitland A.
- Fuller form of name: (Maitland Armstrong),
- Dates associated with a name: 1910-1992.
670 ## - SOURCE DATA FOUND
- Source citation: Work cat.: (ARRUPE)0: Edey, Maitland A. (Maitland Armstrong), 1910-1992., The missing link,, [1972]